000 00646nam a2200193Ia 4500
005 20250508152655.0
008 008 250505s9999 xx 000 0 eng d
037 _aTextual
040 _aFEDL
_beng
_cFEDL
041 _aeng
_2eng
084 _a757.7, KHA
_qFEDL
100 _aKhandalavala Karl
245 0 _aMiniature painting: A catalogue of the exhibition of the Sri Motichand Khajanchi collection held by theLalit Kala Akademi, 1960
260 _aNew Delhi, India
_bLalit Kala Akadami
_c1960
300 _a117p
700 _a Chandra Moti Chandra Pramod
_9762111
942 _cTEXL
_h757.7, KHA
999 _c1337972
_d1337972